| 000 | 00000nam 2200000zi 4500 |
| 001 | 9.941714 |
| 003 | CaOODSP |
| 005 | 20250107151833 |
| 006 | m o d f |
| 007 | cr cn |||||||| |
| 008 | 240809t20242024onca o f000 0 fre d |
| 020 | |a9780660731094 |
| 040 | |aCaOODSP|bfre|erda|cCaOODSP |
| 043 | |an-cn--- |
| 086 | 1 |aH144-57/2024F-PDF |
| 245 | 00|aDemeurez en santé dans la chaleur. |
| 264 | 1|a[Ottawa] : |bSanté Canada = Health Canada, |c[2024] |
| 264 | 4|a©2024 |
| 300 | |a1 ressource en ligne (3 pages non numérotées) : |billustrations en couleur |
| 336 | |atexte|btxt|2rdacontent/fre |
| 337 | |ainformatique|bc|2rdamedia/fre |
| 338 | |aressource en ligne|bcr|2rdacarrier/fre |
| 500 | |aPublié aussi en anglais sous le titre : Staying healthy in the heat. |
| 500 | |a"Pub. : 240473." |
| 650 | 6|aÉpuisement par la chaleur|zCanada|xPrévention. |
| 650 | 6|aCoup de chaleur|zCanada|xPrévention. |
| 710 | 1 |aCanada. |bSanté Canada, |eorganisme de publication. |
| 775 | 08|tStaying healthy in the heat.|w(CaOODSP)9.941715 |
| 856 | 40|qPDF|s375 Ko|uhttps://publications.gc.ca/collections/collection_2025/sc-hc/H144-57-2024-fra.pdf |